| Tag |
First Indicator |
Second Indicator |
Subfields |
| LEADER |
00000cas a2200000 a 4500 |
| 001 |
in00000523021 |
| 005 |
20151013075233.0 |
| 008 |
750920d19711984caumr1p 0uuua0eng u |
| 010 |
|
|
|a sn 78004423
|
| 012 |
|
|
|b 0
|e n
|k 1
|m 1
|
| 022 |
0 |
|
|a 0048-0282
|
| 030 |
|
|
|a NBSSB
|
| 032 |
|
|
|a 130230
|b USPS
|
| 035 |
|
|
|a (OCoLC)01641369
|
| 035 |
|
|
|9 ACE8137AM
|
| 040 |
|
|
|c MUL
|d NSD
|d MUL
|d IUL
|d RCS
|d SER
|d NYS
|d TXA
|d UtOrBLW
|
| 042 |
|
|
|a nsdp
|
| 049 |
|
|
|a TXAE
|
| 060 |
0 |
0 |
|a W1 NE998P
|
| 069 |
1 |
|
|a N19320000
|
| 090 |
|
|
|a RA969.9
|b .N558
|
| 092 |
|
|
|a 610.28
|b qN558
|
| 222 |
|
0 |
|a Newsletter of biomedical safety & standards
|
| 245 |
0 |
0 |
|a Newsletter of biomedical safety & standards.
|
| 246 |
3 |
|
|a Newsletter of biomedical safety and standards
|
| 264 |
|
1 |
|a Brea, Calif. :
|b Quest Pub. Co.
|
| 300 |
|
|
|a 14 volumes :
|b (looseleaf) ;
|c 28 cm.
|
| 310 |
|
|
|a Monthly
|
| 336 |
|
|
|a text
|b txt
|2 rdacontent
|
| 337 |
|
|
|a unmediated
|b n
|2 rdamedia
|
| 338 |
|
|
|a volume
|b nc
|2 rdacarrier
|
| 362 |
0 |
|
|a vol. l (1971)-v. 14, no. 12 (Dec. 15, 1984).
|
| 500 |
|
|
|a Some issues accompanied by suuplements.
|
| 650 |
|
0 |
|a Hospitals
|v Periodicals.
|
| 650 |
|
0 |
|a Medical instruments and apparatus
|x Safety measures
|x Periodicals.
|
| 650 |
|
0 |
|a Products liability
|x Medical instruments and apparatus
|x Periodicals.
|
| 785 |
0 |
0 |
|t Biomedical safety & standards
|w (DLC)sn 85063112
|
| 999 |
|
|
|a MARS
|
| 999 |
f |
f |
|s 2c3268a3-32a1-3219-8cfe-f44fc294957c
|i 853d1112-e991-3e38-b72e-06e9aa12fe58
|t 0
|
| 952 |
f |
f |
|p storage
|a Texas A&M University
|b J.J. Pickle Campus
|c High Density Repository
|d Remote Storage
|t 0
|e RA969.9 .N558
|h Library of Congress classification
|i unmediated -- volume
|k v.13
|l 1983
|m A14839154697
|
| 952 |
f |
f |
|p storage
|a Texas A&M University
|b J.J. Pickle Campus
|c High Density Repository
|d Remote Storage
|t 0
|e RA969.9 .N558
|h Library of Congress classification
|i unmediated -- volume
|k v.14
|l 1984
|m A14808673139
|
| 998 |
f |
f |
|a RA969.9 .N558
|s v.13 (1983)-v.14 (1984)
|t 0
|l Remote Storage
|